| 000 | 00428cam a2200181ua 4500 | ||
|---|---|---|---|
| 020 | _c3.00 | ||
| 041 |
_ahin _h |
||
| 082 |
_a891.54 _bRAM/IT |
||
| 100 | _aRamdhari Singh Dinakar, . | ||
| 245 |
_aIthihas ke asoo / _cRamdhari Singh Dinakar. _hTextual Documents |
||
| 250 |
_a3 / _b. |
||
| 260 |
_a : _bUdayachal , _c1957. |
||
| 300 | _a81 ; . | ||
| 365 | _a3.00 | ||
| 504 | _a | ||
| 942 | _cBK | ||
| 999 |
_c6435 _d6435 |
||